000 00416nam a2200145Ia 4500
008 240729s9999 xx 000 0 und d
022 _a2783-3518
245 0 _aJournal of Holography Applications in Physics
260 _aIran, Islamic Republic of
260 _bDamghan University Press
650 _aScience
856 _uhttps://doaj.org/toc/ca455a2785af41d183681bb0e26afc2b
942 _2ddc
942 _cDOAJEJ
999 _c68963
_d68963
945 _a1
_bMadushi Gamage
_c1
_dMadushi Gamage